| 000 | 01442nam a2200349 4500 | ||
|---|---|---|---|
| 003 | OSt | ||
| 005 | 20240426145126.0 | ||
| 008 | 240223s2019 mx a|||f |||| 001 0 spa d | ||
| 020 | _a9786074580112 (Obra completa) | ||
| 020 | _a9786074580129 (Volumen 1) | ||
| 020 | _a9786074580136 (Volumen 2) | ||
| 020 | _a9786074580143 (Volumen 3) | ||
| 020 | _a9786074580150 (Volumen 4) | ||
| 020 | _a9786074580167 (Volumen 5) | ||
| 040 |
_erda _cCHAP |
||
| 082 | 0 | 0 |
_222 _a158.4 _bF72 |
| 245 | 0 | 0 |
_aFormación en tiempos de cambio: _bprácticas de desarrollo integral: Ser, Familia, Empresa y Sociedad / _ccoordinado por Bernardo G. Angulo Belloc |
| 264 | 1 |
_aMéxico: _bACISA, _c2019 |
|
| 300 |
_a5 volúmenes + 1CD audio: _bIlustraciones |
||
| 336 |
_2rdacontent _atexto _btxt |
||
| 337 |
_2rdamedia _asin medio _bn |
||
| 338 |
_2rdacarrier _avolumen _bnc |
||
| 500 | _aProporciona acceso a una evaluación interactiva online. | ||
| 504 | _aIncluye índice | ||
| 505 | _gVolumen 1.Liderazgo e influencia + 1CD (6 pistas de audio). -- Volumen 2.Solución de conflictos y negociación. -- Volumen 3. Salud emocional y comunicación. -- Volumen 4. Equilibrio: Profesión y familia. -- Volumen 5. Logro de metas | ||
| 650 | 4 |
_966721 _aLiderazgo |
|
| 650 | 4 |
_979090 _aMotivación (Psicología) |
|
| 650 | 4 |
_9143097 _aSuperación personal |
|
| 700 | 1 |
_9188846 _aAngulo Belloc, Bernardo G. _eCoordinador |
|
| 942 | _2ddc | ||
| 942 |
_cLIBRO _2ddc |
||
| 999 |
_c219758 _d219758 |
||